Statistics for SS Lazio Squad 2023-2024

Click here to take the quiz!

General Stats

  • This quiz has been taken 113 times
    (54 since last reset)
  • The average score is 19 of 27

Answer Stats

#PositionNationPlayer% Correct
17FWItalyCiro Immobile
94%
10MFSpainLuis Alberto
94%
77DFMontenegroAdam Marušić
89%
7FWBrazilFelipe Anderson
89%
9FWSpainPedro
89%
13DFItalyAlessio Romagnoli
86%
94GKItalyIvan Provedel
86%
8MFFranceMattéo Guendouzi
86%
6MFJapanDaichi Kamada
83%
4DFSpainPatric
83%
23DFAlbaniaElseid Hysaj
81%
-CoachItalyMaurizio Sarri
81%
18FWDenmarkGustav Isaksen
78%
19FWArgentinaTaty Castellanos
78%
5MFUruguayMatías Vecino
75%
32MFItalyDanilo Cataldi
69%
34DFSpainMario Gila
69%
15DFItalyNicolò Casale
69%
20FWItalyMattia Zaccagni
67%
29DFItalyManuel Lazzari
61%
26MFCroatiaToma Bašić
61%
3DFItalyLuca Pellegrini
58%
35GKGreeceChristos Mandas
47%
33GKItalyLuigi Sepe
42%
65MFItalyNicolò Rovella
42%
22FWParaguayDiego González
22%
16DFSerbiaDimitrije Kamenović
22%

Score Distribution

Percentile by Number Answered

Percent of People with Each Score

Your Score History

You have not taken this quiz since the last reset